000 00800nam a2200289Ia 4500
005 20260324151032.0
008 008 260324s9999 xx 000 0 eng d
020 _a9780429454769
037 _aEBOOK
040 _aCRL
040 _beng
040 _cCRL
041 _2eng
041 _aeng
084 _qCRL
100 _aOscar Jennings
_91228495
245 0 _aEarly Woodcut Initials
245 0 _bContaining Over Thirteen Hundred Reproductions of Ornamental Letters of the Fiftheenth and Sixteenth centuries, Selected and Annotated by Oscar Jennings, M.D.
260 _bTaylor and Francis
260 _c1908
365 _a
365 _b170
856 _uhttp://www.taylorfrancis.com/books/9780429454769
942 _cEBOOK
999 _c1838943
_d1838943